000 01009cad a22002175a 4500
001 L143486
008 080514e20080423xxk f 000 0 eng d
035 _a(Sirsi) u143486
041 0 _aeng
050 0 4 _a333.332 $2 18
110 2 _aRoyal Institution of Chartered Surveyors
_94900
245 0 0 _aValuation and survey
_brisks, reporting obligations, criminal activity
_h[electronic resource]
260 _aLondon
_bRICS
_c2008
520 _aProvides guidance to surveyors who perform valuations and surveys of residential or public property. Gives assistance in identifying and managing risks for individual members and firms. Guides members on how to report criminal activity in the context of valuation and surveying work.
521 2 _aAdvanced
590 _aKA
651 4 _aUnited Kingdom
_y
690 _aPROPERTY-PROPERTY VALUATION AND APPRAISAL
856 4 0 _uhttps://www.rics.org/site/download_feed.aspx?fileID=3771&fileExtension=PDF
_zView the item free of charge at www.rics.org
942 _n0
999 _c108169
_d108169